[Event "US Amateur West-ch"]
[Site "Palo Verde"]
[Date "2010.05.30"]
[Round "4"]
[White "Booher, Jonathan"]
[Black "Motta, Paul"]
[Result "0-1"]
[WhiteElo "1730"]
[BlackElo "1909"]
[PlyCount "120"]
[EventDate "2010.05.29"]
[EventType "swiss"]
[EventRounds "6"]
[EventCountry "USA"]
[SourceTitle "EXT 2014"]
[Source "ChessBase"]
[SourceDate "2013.11.20"]
[SourceVersion "1"]
[SourceVersionDate "2013.11.20"]
[SourceQuality "1"]

1. e4 e5 2. Nf3 d5 3. exd5 Bd6 4. Nc3 Nf6 5. d3 h6 6. h3 Nbd7 7. Be3 Nb6 8. Bxb6 axb6 9. Qe2 0-0 10. g4 Bb4 11. a3 Nxd5 12. Kd2 f6 13. Qe4 Bxc3+ 14. bxc3 Nf4 15. Nh4 Be6 16. Qe3 Qd5 17. f3 Ra4 18. Ng2 Rfa8 19. Nxf4 exf4 20. Qe2 Re8 21. Qf2 Bd7 22. Bg2 Qd6 23. Rhe1 c5 24. Re2 Rxe2+ 25. Qxe2 Kf7 26. Qd1 Ra8 27. Kc1 b5 28. c4 b4 29. Kb2 Qd4+ 30. Kb1 Qc3 31. Ra2 bxa3 32. Kc1 Ra6 33. Qd2 Qd4 34. c3 Qg1+ 35. Qd1 Qe3+ 36. Qd2 Qg1+ 37. Qd1 Qxd1+ 38. Kxd1 Ba4+ 39. Kd2 Bb3 40. Ra1 a2 41. Bf1 Rd6 42. Kc1 Rb6 43. d4 cxd4 44. cxd4 Rb4 45. Kb2 Bd1+ 46. Kxa2 Ra4+ 47. Kb2 Rxa1 48. Kxa1 Bxf3 49. Kb2 g5 50. Kc2 Be4+ 51. Kd2 f5 52. gxf5 Kf6 53. Ke2 Kxf5 54. Kf2 h5 55. Be2 g4 56. hxg4+ hxg4 57. d5 g3+ 58. Kg1 f3 59. Bd1 Ke5 60. Bb3 f2+ 0-1